Linguistic Structure, Language Contact and Virtual Communication (Record no. 32021)

MARC details
000 -LEADER
fixed length control field 00490nam a2200181Ia 4500
020 ## - INTERNATIONAL STANDARD BOOK NUMBER
ISBN 9789780582081
050 ## - CALL MARK
Classification number P 121 .L56/
100 ## - STATEMENT OF RESPONSIBILITY--MAIN AUTHOR NAME
Personal name Edited by Iyabode Omolara Akewo Nwabueze and Romanus Aboh
245 #0 - TITLE STATEMENT
Title Linguistic Structure, Language Contact and Virtual Communication
260 ## - PUBLICATION, DISTRIBUTION, ETC. (IMPRINT)
Place of publication Abuja
260 ## - PUBLICATION, DISTRIBUTION, ETC. (IMPRINT)
Name of publisher NOUN Press
260 ## - PUBLICATION, DISTRIBUTION, ETC. (IMPRINT)
Year of publication 2023
300 ## - PHYSICAL DESCRIPTION
Number of Pages 260 p
650 ## - SUBJECT ADDED ENTRY--TOPICAL TERM
Topical Term Linguistics
942 ## - ADDED ENTRY ELEMENTS (KOHA)
Koha item type Books
Holdings
Withdrawn status Lost status Source of classification or shelving scheme Damaged status Not for loan Permanent Location Current Location Shelving location Date acquired Accession Number Price effective from Koha item type
    Library of Congress Classification     NILE UNIVERSITY OF NIGERIA - MAIN LIBRARY NILE UNIVERSITY OF NIGERIA - MAIN LIBRARY Items on shelf 04/23/2025 0196758 04/23/2025 Books